GOOD NIGHT FAIRY STORIES (Record no. 381821)

MARC details
000 -LEADER
fixed length control field 00398nam a2200157Ia 4500
008 - FIXED-LENGTH DATA ELEMENTS--GENERAL INFORMATION
fixed length control field 100122s9999 xx 000 0 und d
082 ## - DEWEY DECIMAL CLASSIFICATION NUMBER
Item number 69706
Classification number B823.08
100 ## - MAIN ENTRY--PERSONAL NAME
Personal name ARORA BOOK COMPANY
245 ## - TITLE STATEMENT
Title GOOD NIGHT FAIRY STORIES
250 ## - EDITION STATEMENT
Edition statement 0
260 ## - PUBLICATION, DISTRIBUTION, ETC. (IMPRINT)
Name of publisher, distributor, etc ARORA BOOK COMPANY
Date of publication, distribution, etc 2006
300 ## - PHYSICAL DESCRIPTION
Extent 90
630 ## - SUBJECT ADDED ENTRY--UNIFORM TITLE
Uniform title GOOD NIGHT FAIRY STORIES
730 ## - ADDED ENTRY--UNIFORM TITLE
Uniform title GOOD NIGHT FAIRY STORIES
942 ## - ADDED ENTRY ELEMENTS (KOHA)
Koha item type Book
Holdings
Withdrawn status Lost status Damaged status Not for loan Home library Current library Date acquired Cost, normal purchase price Total Checkouts Full call number Barcode Date last seen Cost, replacement price Price effective from Koha item type Public note
        S.V. Pathak Library, Vile Parle S.V. Pathak Library, Vile Parle 07/01/2006 100.00   69706 SVPPARLE-69706 01/25/2010 100.00 01/25/2010 Book ", , General, NA"